01369nam a2200397 i 450000100060000000300090000600500170001500800390003201500180007102000150008904000280010404100130013204600090014508000080015408000110016210000300017324501430020326000700034630000330041633600270044933700540047633800280053038000160055838000230057438800100059750400140060754600190062165000160064065000240065665000200068065800280070070000410072870000480076971000560081785600980087344209KOSZ 00520200814090918.0031031s2003 pl a f |000 0 pol aPB 2003/19909 a8370857248 aWA NcWA NdKOSZ 005/HR0 apolbeng k2003 a532 a519.861 aFydrych, JarosławeAutor10aPulsujące przepływy cieczy przez przewód z nagłym rozszerzeniem /cJarosław Fydrych, Krystyna Jeżowiecka-Kabsch, Henryk Szewczyk. aWrocław :bOficyna Wydawnicza Politechniki Wrocławskiej,c2003. a104, [1] s. :bil. ;c24 cm. 2rdacontentaTekstbtxt 2rdamediaaBez urządzenia pośredniczącegobn 2rdacarrieraWoluminbnc aKsiążki aPublikacje naukowe a2001- aBibliogr. aStreszcz. ang. 4aLepkość 4aModele matematyczne 4aPrzepływomierz aInżynieria i technika1 aJeżowiecka-Kabsch, KrystynaeAutor1 aSzewczyk, Henrykc(nauki techniczne)eAutor2 aOficyna Wydawnicza Politechniki Wrocławskiej4pbl. uhttp://koha.tu.koszalin.pl/cgi-bin/koha/opac-detail.pl?biblionumber=44209yKatalog online BPK